[Event "Rheinhessen-ch U16/U18"]
[Site "Heidesheim"]
[Date "2013.01.06"]
[Round "2.4"]
[White "Hinrichs, Niklas"]
[Black "Scheck, Felix"]
[Result "0-1"]
[WhiteElo "1265"]
[BlackElo "1618"]
[PlyCount "54"]
[EventDate "2013.01.06"]
[EventType "swiss"]
[EventRounds "7"]
[EventCountry "GER"]
[SourceTitle "EXT 2014"]
[Source "ChessBase"]
[SourceDate "2013.11.20"]
[SourceVersion "1"]
[SourceVersionDate "2013.11.20"]
[SourceQuality "1"]

1. d4 Nf6 2. c4 g6 3. Nc3 d5 4. Bf4 Bg7 5. e3 0-0 6. Nf3 c5 7. Qb3 dxc4 8. Bxc4 Nc6 9. Rd1 Na5 10. Qa4 Nxc4 11. Qxc4 cxd4 12. Rxd4 Qa5 13. Bc7 b6 14. Qb3 Ne8 15. Ra4 Qf5 16. Bxb6 Rb8 17. Rxa7 Bxc3+ 18. bxc3 Qf6 19. Bd4 Rxb3 20. Bxf6 Rb1+ 21. Ke2 Rb2+ 22. Nd2 Nxf6 23. f3 Rd8 24. Rd1 Be6 25. Ke1 Rxa2 26. Rxa2 Bxa2 27. Ra1 Be6 0-1